| 000 | 00366nam a22001337a 4500 | ||
|---|---|---|---|
| 020 | _a0-13-463191-9 | ||
| 082 | _a629.892 SNY'I | ||
| 100 |
_aSNYDER, W.E _965317 |
||
| 245 | _aINDUSTRIAL ROBOTS , COMPUTER INTERFACING AND CONTROL | ||
| 260 |
_aUSA _bPRENTICE HALL _c1985 |
||
| 300 | _aXV,325P | ||
| 650 |
_aROBOTS,INDUSTRIAL COMPUTER INTERFACES _965318 |
||
| 942 | _cBK | ||
| 999 |
_c573569 _d573569 |
||